000 00822nam a2200217Ii 4500
003 JO-AjNU
008 230605s9999||||xx |||||||||||||| ||und||
020 _a978-9957-98-017-7
040 _aJO-AjNU
_bara
_erda
_cJO-AjNU
041 _aara
050 1 4 _aD117.T366 2019
100 3 _aتأليف:تميم، نزار خالد,
_eauthor
_960844
245 0 0 _aتاريخ اوروبا في العصور الوسطى
250 _aالطبعة الاولى
264 3 1 _aعمان:دار الاعصار العلمي للنشر والتوزيع، 2019
300 _a371ص
_b ويحتوي على قائمة مراجع من ص369ص- 371ص
336 _atext
_btxt
_2rdacontent
337 _aunmediated
_bn
_2rdamedia
338 _avolume
_bnc
_2rdacarrier
650 4 _aاوروبا-تاريخ-العصور الوسطى
_960845
999 _aA27466
_c31034
_d31034